Groups of Things - US History #2 - Statistics

General Stats
  • This quiz has been taken 269 times
  • The average score is 20 of 33
Answer Stats
Hint Answer % Correct
Big Three Automobile manufacturers Ford Motor Company
97%
Assassinated Presidents John F. Kennedy
97%
Assassinated Presidents Abraham Lincoln
96%
Presidential Scandals Richard Nixon
96%
Presidential Scandals Bill Clinton
93%
Bloodiest Battles of Civil War Gettysburg
91%
Freedoms in First Amendment Freedom of speech
90%
Most Populous Cities in 1790 New York City
90%
Apollo 11 Astronauts Neil Armstrong
85%
Assassins John Wilkes Booth
83%
Most Populous Cities in 1790 Boston
81%
Most Populous Cities in 1790 Philadelphia
81%
Presidential Scandals Ronald Reagan
80%
Apollo 11 Astronauts Edwin "Buzz" Aldrin
77%
Assassinated Presidents William McKinley
77%
Big Three Automobile manufacturers General Motors
75%
Assassins Lee Harvey Oswald
74%
Freedoms in First Amendment Freedom of religion
72%
Assassinated Presidents James Garfield
72%
Freedoms in First Amendment Freedom of the press
57%
Freedoms in First Amendment Freedom to peaceably assemble
53%
Big Three Automobile manufacturers Chrysler Stellantis
52%
Bloodiest Battles of Civil War Antietam
47%
Most Populous Cities in 1790 Baltimore
42%
Presidential Scandals Warren G. Harding
42%
Apollo 11 Astronauts Michael Collins
34%
Most Populous Cities in 1790 Charleston
28%
Freedoms in First Amendment Freedom to petition the Government for a redress of grievances
27%
Assassins Leon Czolgosz
11%
Assassins Charles J. Guiteau
10%
Bloodiest Battles of Civil War Battle of the Wilderness
8%
Bloodiest Battles of Civil War Chickamauga
5%
Bloodiest Battles of Civil War Spotsylvania Courthouse
4%
No matching quizzes found
Score Distribution
Percent of People with Each Score
Percentile by Number Answered
Your Score History
You have not taken this quiz